000 00734nam a2200205 a 4500
001 000032286
003 OSt
005 20240229073937.0
008 110714s1955 dr a r 000 0 spa d
040 _aDO-SdBNP
_bspa
_cBNPHU
082 4 _a923.17293
_bT866M
100 1 _aMeyreles Soler, Rafael
_937745
245 1 0 _aDe pies sobre la cumbre enhiesta de la gloria :
_b(vida y verdad de un patriotismo inmaculado) /
_cRafael Meyreles Soler.
260 _aCiudad Trujillo, República Dominicana :
_bImprenta Compostela,
_c1955.
300 _a39 p. :
_bil. ;
_c20 cm.
590 _aInventariado, 2018/LP
600 1 0 _aTrujillo Molina, Rafael Leónidas,
_d 1891-1961
_976764
910 _aValidado. Control de calidad MFF
942 _2ddc
_cLF1
999 _c31777
_d31777